The animator's eye : (Record no. 25592)
[ view plain ]
| 000 -LEADER | |
|---|---|
| fixed length control field | 01350nam a22002297a 4500 |
| 005 - DATE AND TIME OF LATEST TRANSACTION | |
| control field | 20140310183630.0 |
| 008 - FIXED-LENGTH DATA ELEMENTS--GENERAL INFORMATION | |
| fixed length control field | 131116b xxu||||| |||| 00| 0 eng d |
| 020 ## - INTERNATIONAL STANDARD BOOK NUMBER | |
| International Standard Book Number | 9780240817248 |
| 050 ## - LIBRARY OF CONGRESS CALL NUMBER | |
| Classification number | NC 1765 |
| Item number | .G59 2013 |
| 100 ## - MAIN ENTRY--PERSONAL NAME | |
| Personal name | Glebas, Francis. |
| 245 ## - TITLE STATEMENT | |
| Title | The animator's eye : |
| Remainder of title | adding life to animation with timing, layout, design, color and sound / |
| Statement of responsibility, etc | Francis Glebas. |
| 260 ## - PUBLICATION, DISTRIBUTION, ETC. (IMPRINT) | |
| Place of publication, distribution, etc | Burlington, MA : |
| Name of publisher, distributor, etc | Focal Press, |
| Date of publication, distribution, etc | 2013. |
| 300 ## - PHYSICAL DESCRIPTION | |
| Extent | xi, 289 p. : |
| Other physical details | ill., col. ; |
| Dimensions | 22 cm. |
| 501 ## - WITH NOTE | |
| With note | Machine generated contents note: Chapter 1: Introduction Chapter 2: Mad Science or Magic? Chapter 3: That Reminds Me of a Story Chapter 4: Why Do We Animate? Chapter 5: Seeing Shapes Drawing Lines Chapter 6: The Laws of Animation Chapter 7: It's Alive! Animating Inner Life Chapter 8: Creating Worlds Chapter 9: Putting It Together in Post Chapter 10: The Evolution of the Animator's Eye Chapter 11: Production: Now We're Cooking! Chapter 12: Who Let These Two in Here? The Evolution of Ig and Bunny Chapter 13: Conclusion: How I Got Eye. Some online versions lack accompanying media packaged with the printed version. |
| 504 ## - BIBLIOGRAPHY, ETC. NOTE | |
| Bibliography, etc | Includes Bibliographic References and Index |
| 521 ## - TARGET AUDIENCE NOTE | |
| Target audience note | |
| 650 ## - SUBJECT ADDED ENTRY--TOPICAL TERM | |
| Topical term or geographic name as entry element | Animated films. |
| 650 ## - SUBJECT ADDED ENTRY--TOPICAL TERM | |
| Topical term or geographic name as entry element | Animation (Cinematography) |
| 650 ## - SUBJECT ADDED ENTRY--TOPICAL TERM | |
| Topical term or geographic name as entry element | ART / Film & Video |
| 942 ## - ADDED ENTRY ELEMENTS (KOHA) | |
| Source of classification or shelving scheme | Library of Congress Classification |
| Koha item type | Books |
| Call number prefix | Foreign |
| Withdrawn status | Lost status | Source of classification or shelving scheme | Damaged status | Home library | Current library | Shelving location | Date acquired | Total Checkouts | Total Renewals | Full call number | Barcode | Date last seen | Date checked out | Copy number | Price effective from | Koha item type |
|---|---|---|---|---|---|---|---|---|---|---|---|---|---|---|---|---|
| Library of Congress Classification | College Library | College Library | Reserve Section | 11/16/2013 | 1 | 1 | NC 1765 .G59 2013 | C17105 | 05/15/2018 | 02/18/2016 | 1 | 11/16/2013 | Books |